| 000 | 00722nam a22001937a 4500 | ||
|---|---|---|---|
| 003 | 0 | ||
| 005 | 20250626114013.0 | ||
| 008 | 231018b xxu||||| |||| 00| 0 eng d | ||
| 050 |
_aPHS PN 1993.5.T28 _b.T33 2023 |
||
| 100 | _aTabuena, Lucas Mikkel E. | ||
| 245 |
_aThe Taiwanese new wave: an evolution of Taiwanese society through cinema (1980-2001) _c Lucas Mikkel E. Tabuena |
||
| 260 |
_aLas Pinas City _bSouthville International School and Colleges _c2023. |
||
| 300 |
_a119 pages : _bcol. ill. ; _c30 cm. |
||
| 504 | _aIncludes bibliographical references. | ||
| 650 |
_aCinema _vResearch. |
||
| 650 |
_aMotion pictures _zTaiwan _vHistory. |
||
| 650 |
_aMotion pictures _vSocial aspects _zTaiwan. |
||
| 942 |
_2lcc _cPASS |
||
| 999 |
_c365540 _d365540 |
||